000 00656nam a2200205Ia 4500
003 GCL
008 140319s9999 xx 000 0 ara d
040 _aGCL /
_cGCL
082 0 4 _a323.4
_bم ح
100 1 _aمركز الدراسات والمعلومات القانوية
245 1 0 _aحقوق الانسان وتأخر مصر /
_cمركز الدراسات والمعلومات القانوية
300 _a294 ص
490 _a
650 0 4 _aمصر
650 0 4 _aالاحوال الاجتماعية
650 0 4 _aالحقوق السياسية
650 0 4 _aحقوق الانسان
650 0 4 _aالحقوق المدنية
942 _2ddc
_cBK
999 _c38086
_d38086